Dekompozicionnyje metody optimizacii projektnych rešenij
Gespeichert in:
| 1. Verfasser: | |
|---|---|
| Weitere Verfasser: | |
| Format: | Buch |
| Sprache: | Russisch |
| Veröffentlicht: |
Minsk
Nauka i technika
1978
|
| Tags: |
Keine Tags, Fügen Sie das erste Tag hinzu!
|
MARC
| LEADER | 00000nam a2200000 4500 | ||
|---|---|---|---|
| 001 | c132630 | ||
| 005 | 20230224080338.1 | ||
| 041 | 0 | |a rus | |
| 044 | |a BY | ||
| 245 | 1 | 0 | |a Dekompozicionnyje metody optimizacii projektnych rešenij |c Genrich Moisejevič Levin, Vjačeslav Sergejevič Tanajev |
| 264 | 1 | |a Minsk |b Nauka i technika |c 1978 | |
| 300 | |a 239 s. | ||
| 100 | 1 | |a Levin, Genrich Moisejevič | |
| 700 | 1 | |a Tanajev, Vjačeslav Sergejevič | |